|
|
|
|
| LEADER |
00000nam0a2200000 4500 |
| 001 |
348815 |
| 005 |
20231102010137.0 |
| 035 |
|
|
|a (RuTPU)RU\TPU\retro\641
|
| 090 |
|
|
|a 348815
|
| 100 |
|
|
|a 20180316d k y0rusy50 ca
|
| 101 |
0 |
|
|a rus
|
| 102 |
|
|
|a RU
|
| 105 |
|
|
|a a z 001zy
|
| 200 |
1 |
|
|a Люминесцентные методы анализа
|e учебно-методическая разработка для студентов ХТФ и для слушателей ФПК
|f Л. Л. Скрипова, Ю. Л. Лельчук, В. А. Ивашина
|g Томский политехнический институт (ТПИ), Кафедра аналитичекой химии
|
| 210 |
|
|
|a Томск
|c Изд-во ТПИ
|d 1970
|
| 215 |
|
|
|a 41 с.
|c ил.
|
| 320 |
|
|
|a Библиогр.: с. 41
|
| 606 |
|
|
|a Люминесценция
|x (оптика)
|2 stltpush
|3 (RuTPU)RU\TPU\subj\71064
|9 85127
|
| 610 |
1 |
|
|a метод анализа
|
| 610 |
1 |
|
|a свечение
|
| 610 |
1 |
|
|a свет
|
| 610 |
1 |
|
|a химический анализ
|
| 610 |
1 |
|
|a физика
|
| 675 |
|
|
|a 535.37
|v 4
|
| 700 |
|
1 |
|a Скрипова
|b Л. Л.
|
| 701 |
|
1 |
|a Лельчук
|b Ю. Л.
|
| 701 |
|
1 |
|a Ивашина
|b В. А.
|
| 712 |
0 |
2 |
|a Томский политехнический институт (ТПИ)
|b Кафедра аналитичекой химии
|c (1944-1991)
|2 stltpush
|3 (RuTPU)RU\TPU\col\1123
|
| 801 |
|
1 |
|a RU
|b 63413507
|c 20180316
|
| 801 |
|
2 |
|a RU
|b 63413507
|c 20190306
|g RCR
|
| 942 |
|
|
|c BK
|